| 000 | 00454nam a2200157 i 4500 | ||
|---|---|---|---|
| 001 | bg | ||
| 100 | 1 |
_aHulboj, Stanisław _d(1942- ). |
|
| 245 | 0 |
_aNarzędzia skrawające : _bprzykłady projektowe do ćwiczeń / _cS. Hulbój. |
|
| 260 |
_aCzęstochowa, _c1987. |
||
| 650 | 9 |
_aSkrawanie _xnarzędzia i maszyny _xprojekty |
|
| 655 | _aPodręczniki akademickie | ||
| 040 | _cBPK | ||
| 041 | _apol | ||
| 942 | _cKS | ||
| 008 | s pl f |000 0 pol | ||
| 999 |
_c3738 _d3738 |
||
| 856 |
_uhttp://koha.tu.koszalin.pl/cgi-bin/koha/opac-detail.pl?biblionumber=3738 _yKatalog online BPK |
||